Survey of English housing (Record no. 117774)

MARC details
000 -LEADER
fixed length control field 01047cam a2200217 4500
001 - CONTROL NUMBER
control field WB@3612-374
008 - FIXED-LENGTH DATA ELEMENTS--GENERAL INFORMATION
fixed length control field 040727n2004 000 0 eng u
035 ## - SYSTEM CONTROL NUMBER
System control number (Sirsi) u126932
245 ## - TITLE STATEMENT
Title Survey of English housing
260 ## - PUBLICATION, DISTRIBUTION, ETC.
Date of publication, distribution, etc. 2004
490 ## - SERIES STATEMENT
Series statement ODPM Statistical Release
Volume/sequential designation (0180) 26 July 2004 (2)
520 ## - SUMMARY, ETC.
Summary, etc. The latest "Review of the survey of English housing and related sources" has been released by the Office for National Statistics on behalf of the ODPM. The sample design is intended to produce each year a nationally representative sample of around 20 000 households in England and provides key data on a wide range of housing topics for all housing sectors. For full details see: http://www.statistics.gov.uk/methods_quality/quali ty_review/environment.asp. http://www.odpm.gov.uk/pns/DisplayPN.cgi?pn_id=200 4_0180
590 ## - LOCAL NOTE (RLIN)
Local note WB
590 ## - LOCAL NOTE (RLIN)
Local note WB
650 ## - SUBJECT ADDED ENTRY--TOPICAL TERM
Topical term or geographic name entry element SURVEY OF ENGLISH HOUSING
650 ## - SUBJECT ADDED ENTRY--TOPICAL TERM
Topical term or geographic name entry element HOUSING STATISTICS
650 ## - SUBJECT ADDED ENTRY--TOPICAL TERM
Topical term or geographic name entry element HOUSING
650 ## - SUBJECT ADDED ENTRY--TOPICAL TERM
Topical term or geographic name entry element ENGLISH HOUSING SURVEY
690 ## - LOCAL SUBJECT ADDED ENTRY--TOPICAL TERM (OCLC, RLIN)
Topical term or geographic name as entry element HOUSING
942 ## - ADDED ENTRY ELEMENTS (KOHA)
Suppress in OPAC 0
Holdings
Withdrawn status Lost status Source of classification or shelving scheme Damaged status Not for loan Home library Current library Shelving location Date acquired Total Checkouts Full call number Barcode Date last seen Copy number Price effective from Koha item type
    Dewey Decimal Classification     London London News article 27/07/2004   WB4029-08 126932-1001 06/08/2019 1 06/08/2019 News article